|
|
|
|
| LEADER |
00000nab a2200000 a 4500 |
| 001 |
vtls000781960 |
| 003 |
SK-MaSNL |
| 005 |
20260304131146.0 |
| 008 |
250429c2001 xo 0 slo |
| 015 |
|
|
|a SNBRB2002/03-07483
|
| 035 |
|
|
|a CLN000133685
|
| 035 |
|
|
|a urn:nbn:sk:snk-ab33z7
|
| 035 |
|
|
|a (urnnbn)urn:nbn:sk:snk:ar-a05tfe
|
| 035 |
|
|
|a (uuid)1ca57f04-879d-434b-a339-f0fd2b679acd
|
| 040 |
|
|
|a SNKBUCL
|b slo
|c SNKBUCL
|e AACR2
|
| 041 |
0 |
|
|a eng
|
| 044 |
|
|
|a xo
|c SK
|
| 080 |
|
|
|a 576.895.132:615.284.015
|2 1997
|
| 080 |
|
|
|a 615.284.015
|2 1997
|
| 080 |
|
|
|a 619:616.995.132
|2 1997
|
| 100 |
1 |
|
|a Königová, Alžbeta,
|d 1973-
|4 aut
|9 222260
|
| 245 |
1 |
0 |
|a Anthelmintic resistance and methods for the detection of benzimidazole resistance in equine small strongyles in the Slovak Republic
|c A. Königová, M. Várady, J. Čorba
|
| 650 |
0 |
7 |
|a kone
|2 snkbucl
|9 2809
|
| 650 |
0 |
7 |
|a strongylóza
|2 snkbucl
|9 1443823
|
| 650 |
0 |
7 |
|a benzimidazoly
|2 snkbucl
|9 166803
|
| 650 |
0 |
7 |
|a Strongylus
|2 snkbucl
|9 1403795
|
| 650 |
0 |
7 |
|a strongylóza koní
|2 snkbucl
|9 1443824
|
| 650 |
0 |
7 |
|a abstrakty z kongresu
|2 snkbucl
|9 168204
|
| 655 |
|
7 |
|a články z novín a časopisov
|2 snkbucl
|9 267496
|
| 700 |
1 |
|
|a Várady, Marián,
|d 1966-
|4 aut
|9 222257
|
| 700 |
1 |
|
|a Čorba, Július,
|d 1940-
|4 aut
|9 145942
|
| 711 |
1 |
|
|a Helmintologické dni
|n 10.
|d 2001
|c Dolní Věstonice, Česko
|4 aut
|9 1403793
|
| 773 |
0 |
|
|t Helminthologia
|g Roč. 38, č. 3 (2001), s. 173
|x 0440-6605
|
| 850 |
|
|
|a Slovenská národná knižnica
|
| 852 |
|
|
|a Slovenská národná knižnica
|
| 958 |
|
|
|a article27
|
| 958 |
|
|
|a MI
|
| 958 |
|
|
|a SK
|
| 958 |
|
|
|a OND
|
| 958 |
|
|
|a EUIPO
|
| 992 |
|
|
|a RBX
|
| 999 |
|
|
|c 2896243
|d 2898173
|